Summer Olympics Host Countries - Sudden Death - Statistics

General Stats
  • This quiz has been taken 231 times
    197 since last reset
  • The average score is 12 of 19
Answers on the Grid
Answers color-coded by a green-red scale on the quiz's grid according to % correct below.
Argentina
Australia
Austria
Belgium
Brazil
Canada
China
Cuba
East Germany
Egypt
Finland
France
Germany
Greece
India
Indonesia
Ireland
Italy
Japan
Mexico
Netherlands
New Zealand
Norway
Poland
Portugal
Singapore
Slovakia
South Korea
Soviet Union
Spain
Sweden
Taiwan
Turkey
United Kingdom
United States
Yugoslavia
 
Answer Stats
Answer % Correct
1956, 2000 Australia
84%
2016 Brazil
78%
2008 China
77%
1908, 1948, 2012 United Kingdom
75%
1904, 1932, 1984, 1996 United States
75%
1900, 1924, 2024 France
71%
1936, 1972 Germany
71%
1896, 2004 Greece
71%
1960 Italy
66%
1964, 2020 Japan
63%
1968 Mexico
61%
1980 Soviet Union
61%
1992 Spain
59%
1976 Canada
58%
1988 South Korea
52%
1920 Belgium
46%
1928 Netherlands
46%
1912 Sweden
39%
1952 Finland
34%
No matching quizzes found
Score Distribution
Percent of People with Each Score
Percentile by Number Answered
Your Score History
You have not taken this quiz since the last reset